000 00733cam a22002533a 4500
001 13717
003 PGUSA
005 20140828083308.0
008 041011s2004||||xxu|||||s|||||000 1 eng d
040 _aPGUSA
_beng
042 _adc
050 4 _aPZ
100 1 _aTaylor, Edward C.
245 1 0 _aTed Strong's Motor Car :
_bOr, Fast and Furious
_h[electronic resource] /
_cEdward C. Taylor
260 _bProject Gutenberg,
_c2004
506 _aPublic domain in the USA.
516 _aElectronic text
653 _aCowboys -- Juvenile fiction
653 _aAutomobiles -- Juvenile fiction
653 _aWestern stories
830 0 _aProject Gutenberg
_v13717
856 4 0 _uhttp://www.gutenberg.org/ebooks/13717
942 _cEB
999 _c242972
_d242972